| 000 | 00988nam a22002897a 4500 | ||
|---|---|---|---|
| 003 | CHAP | ||
| 005 | 20220329134643.0 | ||
| 008 | 971013s1975 cu a r 00010 spa d | ||
| 010 | _a23670 | ||
| 011 | _a24642 | ||
| 035 | _a28741 | ||
| 040 | _cCHAP | ||
| 082 | 0 | 4 |
_a621.6 _bC48Y |
| 100 | 0 | 0 |
_aChurch, Austin H. _922988 |
| 245 | 1 |
_aBombas y máquinas soplantaes centrífugas _b: su teoría, cálculo, construcción y funcionamiento |
|
| 260 |
_aLa Habana : _bEd. Pueblo y Cultura, _c1975 |
||
| 300 |
_a312 p. _b: ilus. ; gráfs |
||
| 590 |
_aBATCH-UPD _b10 _c20130110 _lUCH01 _h1311 |
||
| 590 |
_aBATCH-UPD _b10 _c20130410 _lUCH01 _h0825 |
||
| 590 |
_aBATCH-UPD _b10 _c20130914 _lUCH01 _h0655 |
||
| 590 |
_aCONVERSION _b10 _c20130109 _lUCH01 _h1314 |
||
| 650 | 1 | 4 |
_aBombas centrífugas. _913619 |
| 901 | _aBK | ||
| 942 | _cLIBRO | ||
| 949 |
_a621.6 C48Y _bBC _cLIBRO _d33724000484242 _eLIBRO _fc.2 _h49564 _i28741 _mD _si |
||
| 949 |
_a621.6 C48Y _bBC _cLIBRO _d33724000924353 _eLIBRO _h47943 _i28741 _mD _si |
||
| 999 |
_c23670 _d23670 |
||